[Event "Baden"]
[Site "Vienna"]
[Date "1980.??.??"]
[Round "1"]
[White "Van der Wiel, John TH"]
[Black "Hoelzl, Franz"]
[Result "0-1"]
[WhiteElo "2465"]
[BlackElo "2415"]

1.e4 c5 2.Nf3 Nc6 3.d4 cxd4 4.Nxd4 e5 5.Nb5 d6 6.c4 Be7 7.N1c3 a6 8.Na3 Be6
9.Nd5 Nf6 10.Nxe7 Nxe7 11.Bd3 O-O 12.O-O Ng6 13.Be3 Ng4 14.Qd2 Qh4 15.h3 Nxe3
16.fxe3 Rac8 17.Rad1 f6 18.Nb1 Nh8 19.b3 Nf7 20.Qf2 Qg5 21.Kh2 h5 22.Be2 h4
23.Nd2 b5 24.cxb5 axb5 25.Nf3 Qg3+ 26.Qxg3 hxg3+ 27.Kxg3 Rc3 28.Bxb5 Ra8
29.Rd2 Rxe3 30.Bd3 Ng5 31.Kf2 Rxd3 32.Rxd3 Nxe4+ 33.Kg1 Rxa2 34.Re3 Ng3 35.Rfe1 Nf5
36.Rd3 Ra6 37.g4 Ne7 38.Nd4 Kf7 39.Nxe6 Kxe6 40.Kf2 Rb6 41.Ra1 e4 42.Re3 d5
43.Ra7 g5 44.Rc3 Ng6 45.Rcc7 Rxb3 46.Rg7 Rb2+ 47.Kf1 Nf4 48.Rge7+ Kd6 49.Rf7 Ke5
50.Ra6 Rb1+ 51.Kf2 Nxh3+ 52.Ke3 Rb3+ 53.Kd2 Kf4  0-1

[Event "Baden"]
[Site "Vienna"]
[Date "1980.??.??"]
[Round "1"]
[White "Stean, Michael"]
[Black "Byrne, Robert E"]
[Result "0-1"]
[WhiteElo "2530"]
[BlackElo "2530"]

1.c4 f5 2.g3 Nf6 3.Bg2 e6 4.Nf3 Be7 5.O-O O-O 6.b3 a5 7.Nc3 d5 8.Bb2 Na6
9.d4 b6 10.Ne5 Bb7 11.Rc1 c5 12.e3 Ne4 13.Nxe4 dxe4 14.f3 Bg5 15.f4 Bf6 16.a3 Qe7
17.g4 cxd4 18.exd4 Bxe5 19.dxe5 Rad8 20.Qc2 Nc5 21.gxf5 exf5 22.Rcd1 Nd3
23.Kh1 Qh4 24.Bc1 Nf2+ 25.Qxf2 Qxf2 26.Rxd8 Qxf1+ 27.Bxf1 Rxd8 28.Be2 g5
29.Kg1 gxf4 30.Bxf4 Kf7 31.Kf2 Ke6 32.Ke3 h5 33.h4 Rg8 34.Kf2 a4 35.b4 e3+
36.Kxe3 Rg1 37.Kd4 Re1 38.Bd3 Be4 39.Bd2 Rd1 40.Ke3 Bxd3 41.Kxd3 Kxe5  0-1

[Event "Baden"]
[Site "Vienna"]
[Date "1980.??.??"]
[Round "1"]
[White "Smejkal, Jan"]
[Black "Spassky, Boris V"]
[Result "1/2-1/2"]
[WhiteElo "2565"]
[BlackElo "2615"]

1.c4 e6 2.Nf3 Nf6 3.g3 Be7 4.Bg2 O-O 5.O-O d5 6.d4 c6 7.Nc3 Nbd7 8.b3 b6
9.Bb2 Ba6 10.Ne5 Nxe5 11.dxe5 Nd7 12.cxd5 cxd5 13.Qd2 Rc8 14.Rfc1 Rc7 15.f4 Qb8
16.Nd1 Nc5 17.Nf2 Rfc8 18.Bd4  1/2-1/2

[Event "Baden"]
[Site "Vienna"]
[Date "1980.??.??"]
[Round "1"]
[White "Janetschek, Karl"]
[Black "Gligoric, Svetozar"]
[Result "1/2-1/2"]
[WhiteElo "2325"]
[BlackElo "2565"]

1.e4 c5 2.Nf3 d6 3.d4 cxd4 4.Nxd4 Nf6 5.Nc3 a6 6.Be3 e6 7.Qd2 b5 8.a3 Bb7
9.f3 Be7 10.g4 Nc6 11.g5 Nd7 12.h4 O-O 13.O-O-O Nde5 14.f4 Nxd4 15.Qxd4 Nc6
16.Qd2 b4 17.axb4 Nxb4 18.Bc4 Qa5 19.Kb1 d5 20.Bb3 Rac8 21.f5 exf5 22.exd5 Rfd8
23.Rhf1 g6 24.h5 Bd6 25.hxg6 fxg6 26.Rh1 Qc7 27.Rh4 a5 28.Rdh1 Ba6 29.Qf2 Rd7
30.Bb6 Qb7 31.Bxa5 Nd3 32.Qe3 Re7 33.Qb6 Qxb6 34.Bxb6 Ne5 35.Ra4 Bc4 36.Bxc4 Nxc4
37.Bd4 Rb7 38.b3 Nd2+ 39.Kc1 Bf4 40.Kd1 Bxg5 41.Rh3 Re8 42.Ra6 Rbe7 43.Rxg6+  1/2-1/2

[Event "Baden"]
[Site "Vienna"]
[Date "1980.??.??"]
[Round "2"]
[White "Gheorghiu, Florin"]
[Black "Smejkal, Jan"]
[Result "1/2-1/2"]
[WhiteElo "2605"]
[BlackElo "2565"]

1.c4 e5 2.Nc3 Nf6 3.Nf3 Nc6 4.g3 d5 5.cxd5 Nxd5 6.Bg2 Nb6 7.d3 Be7 8.a3 O-O
9.b4 Be6 10.O-O f5 11.Be3 Bf6 12.Rc1 Nd4 13.Bxd4 exd4 14.Na4 Bf7 15.Nc5 Rb8
16.Qc2  1/2-1/2

[Event "Baden"]
[Site "Vienna"]
[Date "1980.??.??"]
[Round "2"]
[White "Gligoric, Svetozar"]
[Black "Stean, Michael"]
[Result "1/2-1/2"]
[WhiteElo "2565"]
[BlackElo "2530"]

1.d4 Nf6 2.c4 e6 3.Nc3 Bb4 4.e3 O-O 5.Bd3 d5 6.Nf3 b6 7.O-O Bb7 8.a3 Bd6
9.cxd5 exd5 10.b4 a6 11.Qb3 Nbd7 12.a4 Qe7 13.b5 axb5 14.Nxb5 c5 15.Nxd6 Qxd6
16.Bf5 c4 17.Qc2 Rfe8 18.Bb2 Bc8  1/2-1/2

[Event "Baden"]
[Site "Vienna"]
[Date "1980.??.??"]
[Round "3"]
[White "Janetschek, Karl"]
[Black "Van der Wiel, John TH"]
[Result "0-1"]
[WhiteElo "2325"]
[BlackElo "2465"]

1.e4 c5 2.Nf3 e6 3.d4 cxd4 4.Nxd4 Nf6 5.Nc3 Nc6 6.Ndb5 d6 7.Bf4 e5 8.Bg5 a6
9.Na3 b5 10.Nd5 Be7 11.Bxf6 Bxf6 12.c3 O-O 13.Nc2 Rb8 14.a4 bxa4 15.Ncb4 Nxb4
16.Nxb4 Bb7 17.Qxa4 a5 18.Nc6 Bxc6 19.Qxc6 Rxb2 20.Bc4 Qc8 21.Qd5 Bd8 22.O-O Bb6
23.Kh1 g6 24.Ra2 Rxa2 25.Bxa2 Qxc3 26.Qxd6 Bd4 27.Qd7 Qd3 28.Rb1 Qxe4 29.Qa4 Ra8
30.f4 Rc8 31.Rf1 Qd3 32.Rb1 Qc2 33.Qxc2 Rxc2 34.Bb3 Rb2 35.Rxb2 Bxb2 36.fxe5 Bxe5
37.g4 Kg7 38.Kg2 f5 39.gxf5 gxf5 40.h3 Kf6  0-1

[Event "Baden"]
[Site "Vienna"]
[Date "1980.??.??"]
[Round "3"]
[White "Vaganian, Rafael A"]
[Black "Gligoric, Svetozar"]
[Result "1/2-1/2"]
[WhiteElo "2590"]
[BlackElo "2565"]

1.c4 c5 2.Nc3 Nc6 3.g3 g6 4.Bg2 Bg7 5.Nf3 d6 6.O-O Nf6 7.d4 O-O 8.d5 Na5
9.Nd2 e5 10.a3 b6 11.b4 Nb7 12.Bb2 Ng4 13.h3 Nh6 14.e3 f5 15.f4 Nf7 16.Kh2 Bd7
17.Qc2 Rc8 18.b5 Na5 19.Ne2 Qe7 20.Rae1 Rce8 21.Bc3 exf4 22.exf4 Bxc3 23.Qxc3 Nd8
24.Rf3 Qg7 25.Bf1 Re7 26.Kg2 Rfe8 27.Kf2 Nf7 28.Rb1 g5 29.Qxg7+ Kxg7 30.Rc3 g4
31.h4  1/2-1/2

[Event "Baden"]
[Site "Vienna"]
[Date "1980.??.??"]
[Round "3"]
[White "Liberzon, Vladimir M"]
[Black "Hoelzl, Franz"]
[Result "1/2-1/2"]
[WhiteElo "2545"]
[BlackElo "2415"]

1.e4 c5 2.Nf3 d6 3.d4 cxd4 4.Nxd4 Nf6 5.Nc3 a6 6.Be2 e5 7.Nb3 Be7 8.Bg5 Be6
9.f4 exf4 10.Bxf4 Nc6 11.O-O d5 12.exd5 Nxd5 13.Nxd5 Bxd5 14.Bf3 Bxf3 15.Qxf3 O-O
16.Rad1 Qb6+ 17.Be3 Qc7 18.Bf4 Qb6+  1/2-1/2

[Event "Baden"]
[Site "Vienna"]
[Date "1980.??.??"]
[Round "4"]
[White "Van der Wiel, John TH"]
[Black "Stean, Michael"]
[Result "1-0"]
[WhiteElo "2465"]
[BlackElo "2530"]

1.e4 c5 2.Nf3 d6 3.d4 cxd4 4.Nxd4 Nf6 5.Nc3 a6 6.f4 Nbd7 7.a4 b6 8.Bd3 Bb7
9.O-O g6 10.Qe1 Bg7 11.Nf3 Nc5 12.f5 d5 13.e5 Nfe4 14.b4 Nxd3 15.cxd3 gxf5
16.dxe4 dxe4 17.Qg3 exf3 18.Rd1 Kf8 19.Rxd8+ Rxd8 20.Bg5 Rg8 21.Qh4  1-0

[Event "Baden"]
[Site "Vienna"]
[Date "1980.??.??"]
[Round "4"]
[White "Gligoric, Svetozar"]
[Black "Beliavsky, Alexander G"]
[Result "1/2-1/2"]
[WhiteElo "2565"]
[BlackElo "2590"]

1.d4 Nf6 2.c4 g6 3.Nc3 d5 4.Nf3 Bg7 5.cxd5 Nxd5 6.e4 Nxc3 7.bxc3 c5 8.Be3 Bg4
9.Rc1 cxd4 10.cxd4 Bxf3 11.gxf3 O-O 12.Bc4 Qa5+ 13.Kf1 Nc6 14.d5 Ne5 15.Bb3 Rac8
16.Kg2 Qa6 17.Qd2 b5 18.Rxc8 Rxc8 19.Rc1 Nc4 20.Bxc4 bxc4 21.Qb4 Bf8 22.a4 e6
23.Qb5 Qxb5 24.axb5 Rb8 25.dxe6 fxe6 26.Rxc4 Rxb5 27.Rc8 Kf7 28.Rc7+ Be7
29.Rxa7 Ke8 30.f4 Rb8 31.Kf3 Rd8 32.Ra5 Rd3 33.Ke2 Ra3 34.Rb5 Ra2+ 35.Kf3 Ra3
36.Kg2 Ra4 37.f3 Rc4 38.Kg3 Kf7 39.Rb7 Ke8 40.Rb3 Rb4 41.Rc3 Rb5 42.Bd4 Rh5
43.Be5 Kf8 44.Rc6 Kf7 45.Bd6 Bxd6 46.Rxd6 Ke7 47.Ra6 Kf7 48.h4 Ke7 49.Ra7+ Ke8
50.Kh3 Kf8 51.Ra1 Kf7 52.Rg1 Ra5 53.Rg5 Ra3 54.Kg3 h5 55.Rb5 Ra7 56.Rb6 Kf6
57.Rb8 Kf7 58.Rb3 Kf6 59.Kf2 Kf7 60.Ke3 Rd7 61.Rb6 Kf6 62.e5+ Kf7 63.f5 gxf5
64.Kf4 Rd5 65.Rb7+ Kg6 66.Re7 Rd4+ 67.Ke3 Rxh4 68.Rxe6+ Kg5 69.Re8 Kg6 70.Rf8 Ra4
71.f4 Ra3+ 72.Ke2 h4 73.Rh8 h3 74.Kf2 Ra2+ 75.Kg1 Rg2+  1/2-1/2

[Event "Baden"]
[Site "Vienna"]
[Date "1980.??.??"]
[Round "4"]
[White "Liberzon, Vladimir M"]
[Black "Janetschek, Karl"]
[Result "1-0"]
[WhiteElo "2545"]
[BlackElo "2325"]

1.e4 d6 2.d4 Nf6 3.Nc3 g6 4.Nf3 Bg7 5.Be2 O-O 6.O-O Nc6 7.d5 Nb8 8.Re1 c6
9.h3 Bd7 10.Bg5 a5 11.a4 Na6 12.dxc6 Bxc6 13.Nd4 Nc5 14.Bf3 Ne6 15.Be3 Nxd4
16.Bxd4 Nd7 17.Bxg7 Kxg7 18.Qd4+ Kg8 19.Nd5 e5 20.Qd2 Nb6 21.Nxb6 Qxb6 22.b3 Rad8
23.Re3 f5 24.exf5 Rxf5 25.Bd5+ Kg7 26.Rf1 Rdf8 27.Bxc6 Qxc6 28.Rd3 R8f6 29.Rd5 e4
30.Rxf5 Rxf5 31.c4 d5 32.Rc1 dxc4 33.Rxc4 Qb6 34.Qb2+ Kf7 35.Rxe4 Qd6 36.Qe2 Rd5
37.g3 Rd1+ 38.Kh2 Rd2 39.Qc4+ Kg7 40.Qc3+ Kf7 41.Rf4+  1-0

[Event "Baden"]
[Site "Vienna"]
[Date "1980.??.??"]
[Round "4"]
[White "Hoelzl, Franz"]
[Black "Gheorghiu, Florin"]
[Result "1-0"]
[WhiteElo "2415"]
[BlackElo "2605"]

1.e4 c5 2.Nf3 e6 3.d4 cxd4 4.Nxd4 a6 5.c4 Nf6 6.Nc3 d6 7.g3 Qc7 8.Qd2 b6
9.Bg2 Bb7 10.b3 Be7 11.O-O O-O 12.Ba3 Nc6 13.Nc2 Rfd8 14.Bb2 Rab8 15.Ne3 Ba8
16.Rac1 Qd7 17.g4 Ne5 18.g5 Nh5 19.Ne2 Ng6 20.f4 e5 21.Nf5 Bf8 22.Qc3 b5
23.fxe5 dxe5 24.Bf3 Bc5+ 25.Kh1 b4 26.Qc2 Qd2 27.h4 Qxc2 28.Rxc2 f6 29.Kh2 Nhf4
30.gxf6 gxf6 31.Bc1 Kh8 32.Nxf4 Nxf4 33.Bxf4 exf4 34.Rg2 Bc6 35.Nh6 Rd7 36.Rd1 Rg7
37.Rgd2 Re7 38.Nf5 Ree8 39.Kh3 Rg8 40.h5 Rbe8 41.Rg2 Rxg2 42.Bxg2 Rg8 43.Nh6 Rg3+
44.Kh2 Be7 45.Rd2 Bf8 46.Rd8 Rxg2+ 47.Kxg2 Bxe4+ 48.Kf1 Kg7 49.Ng4 Be7 50.Rd7 Kf7
51.Nf2 Bb1 52.Rd2 Bc5 53.Rd5 Bxf2 54.Kxf2 Bxa2 55.Rd7+ Ke6 56.Rxh7 Bxb3 57.h6 Bc2
58.Ra7 Kd6 59.h7 Bxh7 60.Rxh7 Kc5 61.Rc7+ Kd4 62.c5 a5 63.c6 Kc5 64.Rc8 b3
65.c7 Kc6 66.Rb8 Kxc7 67.Rxb3 Kc6 68.Ke2 Kc5 69.Kd2 a4 70.Rf3  1-0

[Event "Baden"]
[Site "Vienna"]
[Date "1980.??.??"]
[Round "5"]
[White "Stean, Michael"]
[Black "Liberzon, Vladimir M"]
[Result "1-0"]
[WhiteElo "2530"]
[BlackElo "2545"]

1.Nf3 Nf6 2.c4 c5 3.Nc3 Nc6 4.d4 cxd4 5.Nxd4 e6 6.Bf4 d5 7.Ndb5 e5 8.cxd5 exf4
9.dxc6 bxc6 10.Qxd8+ Kxd8 11.Rd1+ Bd7 12.Nd6 Rb8 13.Nxf7+ Ke8 14.Nxh8 Rxb2
15.Rd4 Bb4 16.Rxb4 Rxb4 17.g3 Kf8 18.gxf4 Rxf4 19.Rg1 Kg8 20.Ng6 hxg6 21.Rxg6 Rh4
22.Bg2 Rxh2 23.Bf3 Rh4 24.Rg5 Rc4 25.Kd2 c5 26.e3 Be6 27.Re5 Bg4 28.Bg2 Rb4
29.Kc2 Bh5 30.Rxc5 Bg6+ 31.Kc1 Rg4 32.Bf3 Rg1+ 33.Kd2 Rf1 34.Ke2 Ra1 35.Ra5 Rc1
36.Nd5 Rc2+ 37.Kf1 Bf7 38.Nb4 Rc7 39.Nc6 Bc4+ 40.Kg2 a6 41.Ne5 Bb5 42.a4 Be8
43.Rxa6 Rc5 44.Nc6 Rc2 45.Nd4 Rc1 46.a5 Ra1 47.Ra8 Kh7 48.Ra7 Bd7 49.Nb3 Ra2
50.Nc5 Bg4 51.a6 Kh6 52.Rc7 Bxf3+ 53.Kg3 Nd5 54.Rd7 Nc3 55.Rd3 Nb5 56.Rb3 Nc7
57.Rb7 Nd5 58.a7  1-0

[Event "Baden"]
[Site "Vienna"]
[Date "1980.??.??"]
[Round "5"]
[White "Janetschek, Karl"]
[Black "Hoelzl, Franz"]
[Result "1-0"]
[WhiteElo "2325"]
[BlackElo "2415"]

1.e4 c5 2.Nf3 d6 3.d4 cxd4 4.Nxd4 Nf6 5.Nc3 a6 6.Bc4 b5 7.Bb3 Bb7 8.Qe2 e6
9.Bg5 Nbd7 10.O-O-O Qa5 11.f4 Be7 12.Rhe1 Nc5 13.Bd5 Rc8 14.Bxb7 Nxb7 15.Nb3 Qc7
16.a3 O-O 17.g4 Na5 18.Nxa5 Qxa5 19.Rd3 Rc4 20.e5 dxe5 21.fxe5 b4 22.exf6 Qxg5+
23.Kb1 bxc3 24.fxe7 Qxe7 25.Rh3 Rb8 26.Qxc4 Rxb2+ 27.Kc1 Qg5+ 28.Rhe3 Rb8
29.Qxc3 Qxg4 30.Re4 Qg5+ 31.Qe3 Qf6 32.Rd4 Rb5 33.Red1 h6 34.Rd8+ Kh7 35.Qd3+ g6
36.Qd4 e5 37.Qd2 Qb6 38.Qd6 Rb1+ 39.Kd2 Qf2+ 40.Kc3 Rb5 41.Rc8 Qxh2 42.Rh8+ Kg7
43.Qf8+ Kf6 44.Rf1+ Kg5 45.Qd8+ Kg4 46.Qd1+ Kg5 47.Rg1+ Kf6 48.Qd6+ Kf5 49.Rf1+ Kg4
50.Rxf7 Qg3+ 51.Kc4 Qh4 52.Qf6 g5 53.Qf3+  1-0

[Event "Baden"]
[Site "Vienna"]
[Date "1980.??.??"]
[Round "6"]
[White "Van der Wiel, John TH"]
[Black "Beliavsky, Alexander G"]
[Result "1/2-1/2"]
[WhiteElo "2465"]
[BlackElo "2590"]

1.e4 e5 2.Nf3 Nc6 3.Bc4 Nf6 4.Ng5 d5 5.exd5 Na5 6.Bb5+ c6 7.dxc6 bxc6 8.Qf3 Qc7
9.Bd3 Bd6 10.Nc3 Bg4 11.Nb5 Bxf3 12.Nxc7+ Bxc7 13.gxf3 Nd5 14.h4 h6 15.Nh3 O-O
16.b3 Rad8 17.Ba3 Bd6 18.Bxd6 Rxd6 19.a3  1/2-1/2

[Event "Baden"]
[Site "Vienna"]
[Date "1980.??.??"]
[Round "6"]
[White "Gligoric, Svetozar"]
[Black "Smejkal, Jan"]
[Result "1/2-1/2"]
[WhiteElo "2565"]
[BlackElo "2565"]

1.d4 Nf6 2.c4 g6 3.Nc3 d5 4.Nf3 Bg7 5.cxd5 Nxd5 6.e4 Nxc3 7.bxc3 c5 8.Be3 Qa5
9.Bd2 O-O 10.Be2 Bg4 11.O-O Nd7 12.h3 Bxf3 13.Bxf3 Rab8 14.a4 e6 15.Be2 Rfd8
16.Rb1 Qc7 17.Bg5 Bf6 18.Be3 Nb6 19.Rc1 Qc6 20.a5 Nd7 21.Qd3 b5 22.axb6 axb6
23.Qb1 b5 24.e5 Be7 25.Bf3 Qa6 26.Qe4 b4 27.Ra1 Qc4 28.cxb4 cxd4 29.Ra7 Qxb4
30.Qxd4 Qxd4 31.Bxd4 Bc5  1/2-1/2

[Event "Baden"]
[Site "Vienna"]
[Date "1980.??.??"]
[Round "7"]
[White "Vaganian, Rafael A"]
[Black "Janetschek, Karl"]
[Result "1-0"]
[WhiteElo "2590"]
[BlackElo "2325"]

1.d4 Nf6 2.c4 e6 3.Nf3 b6 4.a3 Bb7 5.Nc3 d5 6.cxd5 exd5 7.g3 Be7 8.Bg2 O-O
9.O-O Na6 10.Ne5 c5 11.Bf4 Nc7 12.dxc5 bxc5 13.Nc4 Ne6 14.Be5 Nd4 15.Ne3 Ne4
16.Nexd5 Nxc3 17.Nxc3 Bxg2 18.Kxg2 Qb6 19.Nd5 Qe6 20.Nxe7+ Qxe7 21.Bxd4 Rad8
22.e3 cxd4 23.exd4 Qe4+ 24.Qf3 Qxd4 25.b4 h6 26.Rfd1 Qb2 27.Rac1 a6 28.Rxd8 Rxd8
29.Rc6 Qb1 30.Rc7 Qa2 31.h4  1-0

[Event "Baden"]
[Site "Vienna"]
[Date "1980.??.??"]
[Round "7"]
[White "Gheorghiu, Florin"]
[Black "Byrne, Robert E"]
[Result "1/2-1/2"]
[WhiteElo "2605"]
[BlackElo "2530"]

1.d4 Nf6 2.c4 e6 3.Nf3 d5 4.Nc3 Be7 5.Bg5 O-O 6.e3 h6 7.Bh4 b6 8.Bd3 Bb7
9.O-O Nbd7 10.Qe2 c5 11.Rfd1 dxc4 12.Bxc4 Ne4 13.Nxe4 Bxh4 14.d5 exd5 15.Bxd5 Bxd5
16.Rxd5 Qe7 17.Nd6 Bf6 18.Rad1 Ne5 19.Nxe5 Bxe5 20.Nc4 Bf6 21.Rd7 Qe4 22.f3 Qh4
23.a4 Rfe8 24.b3 Re6 25.Qf2 Kf8 26.Qxh4 Bxh4 27.g3 Bf6 28.Rb7 Re7 29.Rdd7 Rxd7
30.Rxd7 Rd8 31.Rxa7 Rd3 32.Rb7 Rxb3 33.a5 Rc3 34.Nxb6 Ra3 35.Ra7 Bd8 36.Nd7+ Ke8
37.Nxc5 Rxe3 38.Nb7 Be7 39.Kg2 Re2+ 40.Kh3 f5 41.a6 Ra2 42.g4 f4 43.Ra8+ Kf7
44.a7 Kf6 45.Nd6 Bxd6 46.Rd8 Rxa7 47.Rxd6+  1/2-1/2

[Event "Baden"]
[Site "Vienna"]
[Date "1980.??.??"]
[Round "7"]
[White "Stean, Michael"]
[Black "Hoelzl, Franz"]
[Result "1/2-1/2"]
[WhiteElo "2530"]
[BlackElo "2415"]

1.Nf3 Nf6 2.c4 g6 3.g3 Bg7 4.Bg2 c5 5.Nc3 O-O 6.d4 Nc6 7.O-O d6 8.d5 Na5
9.Nd2 e5 10.e4 Bd7 11.b3 Ne8 12.Bb2 f5 13.exf5 gxf5 14.Qc2 f4 15.gxf4 Rxf4
16.Ne2 Rg4 17.f4 exf4 18.Nxf4 Qg5 19.Ne4 Bf5 20.Nxg5 Bxc2 21.Bxg7 Nxg7 22.Nge6 Nxe6
23.Nxe6 Be4 24.Rf2 b5 25.cxb5 Bxd5 26.Nc7 Bxg2 27.Rxg2 Rxg2+ 28.Kxg2 Rc8
29.Nd5 Kf7 30.Re1 Re8 31.Rxe8 Kxe8 32.Nf6+ Ke7 33.Nxh7 c4  1/2-1/2

[Event "Baden"]
[Site "Vienna"]
[Date "1980.??.??"]
[Round "8"]
[White "Van der Wiel, John TH"]
[Black "Smejkal, Jan"]
[Result "1/2-1/2"]
[WhiteElo "2465"]
[BlackElo "2565"]

1.e4 e5 2.Nf3 Nc6 3.Bb5 a6 4.Ba4 Nf6 5.d4 exd4 6.O-O Be7 7.Re1 b5 8.Bb3 d6
9.Bd5 Nxd5 10.exd5 Ne5 11.Nxd4 O-O 12.b3 Bb7 13.f4 Nd7 14.c4 Bf6 15.Nc3 Nc5
16.Qd2 bxc4 17.bxc4 Qd7 18.Bb2 Rfe8 19.Nb3 Nxb3 20.axb3 c6 21.Na4  1/2-1/2

[Event "Baden"]
[Site "Vienna"]
[Date "1980.??.??"]
[Round "8"]
[White "Gligoric, Svetozar"]
[Black "Gheorghiu, Florin"]
[Result "1/2-1/2"]
[WhiteElo "2565"]
[BlackElo "2605"]

1.d4 Nf6 2.c4 e6 3.Nc3 Bb4 4.e3 c5 5.Ne2 cxd4 6.exd4 d5 7.c5 Ne4 8.Bd2 Nxd2
9.Qxd2 a5 10.a3 Bxc3 11.Nxc3 a4 12.Bd3 b6 13.O-O bxc5 14.dxc5 Qa5 15.Bc2 Bd7
16.Qe3 O-O 17.Rad1 Rc8 18.Rd4 Qxc5 19.Bxa4 Bxa4 20.Nxa4 Qa7  1/2-1/2

[Event "Baden"]
[Site "Vienna"]
[Date "1980.??.??"]
[Round "9"]
[White "Beliavsky, Alexander G"]
[Black "Stean, Michael"]
[Result "1/2-1/2"]
[WhiteElo "2590"]
[BlackElo "2530"]

1.d4 Nf6 2.Nf3 e6 3.g3 b5 4.Qd3 a6 5.e4 Bb7 6.Nbd2 c5 7.Bg2 Nc6 8.c3 cxd4
9.Nxd4 Qc7 10.O-O Nxd4 11.cxd4 Rc8 12.a4 b4 13.Re1 Be7 14.Nb3 Qc2 15.Qxc2 Rxc2
16.Bf1 Bxe4 17.Rxe4 Nxe4 18.Bd3 Rxc1+ 19.Rxc1 Nd6 20.Bxa6 Bf6 21.a5 Ke7 22.Bd3 Rc8
23.Ra1 Rb8 24.Ra4 g6 25.g4 Nc8 26.Kf1 Na7 27.Ke2 Nc6 28.Ke3 h6 29.h3 g5 30.Ra1 d5
31.Rc1  1/2-1/2

[Event "Baden"]
[Site "Vienna"]
[Date "1980.??.??"]
[Round "9"]
[White "Smejkal, Jan"]
[Black "Liberzon, Vladimir M"]
[Result "1/2-1/2"]
[WhiteElo "2565"]
[BlackElo "2545"]

1.Nf3 Nf6 2.c4 e6 3.Nc3 d5 4.d4 Be7 5.Bg5 h6 6.Bh4 O-O 7.e3 b6 8.Bd3 Bb7
9.O-O Nbd7 10.Qe2 c5 11.Rfd1 Ne4 12.Bg3 Nxg3 13.hxg3 cxd4 14.exd4 dxc4 15.Bxc4 Nf6
16.Rac1 Bb4 17.Ba6 Qe7 18.Ne5 Rac8  1/2-1/2

[Event "Baden"]
[Site "Vienna"]
[Date "1980.??.??"]
[Round "10"]
[White "Liberzon, Vladimir M"]
[Black "Spassky, Boris V"]
[Result "1/2-1/2"]
[WhiteElo "2545"]
[BlackElo "2615"]

1.e4 e6 2.d4 d5 3.Nd2 c5 4.exd5 Qxd5 5.Ngf3 cxd4 6.Bc4 Qd6 7.O-O Nc6 8.Nb3 Nf6
9.Nbxd4 Nxd4 10.Nxd4 Bd7 11.b3 Be7 12.Bb2 O-O 13.Re1 Rfe8 14.Nf3 Qxd1 15.Raxd1 Red8
16.Ne5 Be8 17.Be2 Rac8 18.Rxd8 Bxd8 19.c4 Be7 20.Ng4  1/2-1/2

[Event "Baden"]
[Site "Vienna"]
[Date "1980.??.??"]
[Round "10"]
[White "Janetschek, Karl"]
[Black "Smejkal, Jan"]
[Result "0-1"]
[WhiteElo "2325"]
[BlackElo "2565"]

1.e4 c5 2.Nf3 e6 3.d4 cxd4 4.Nxd4 a6 5.Bd3 Nf6 6.Qe2 d6 7.Nc3 Be7 8.f4 e5
9.Nf5 Bxf5 10.exf5 O-O 11.Bd2 Nc6 12.O-O-O b5 13.g4 b4 14.Ne4 d5 15.Nxf6+ Bxf6
16.fxe5 Nxe5 17.g5 Nxd3+ 18.Qxd3 Bxg5 19.Rhg1 Bxd2+ 20.Rxd2 f6 21.Qb3 Qb6
22.Rxd5 Kh8 23.Qg3 Ra7 24.Rgd1 Re7 25.Rd6 Qa5 26.Rd7 Rxd7 27.Rxd7 Rg8 28.Qd3 Qxa2
29.Rd8 h6 30.Rxg8+ Kxg8 31.Qe3 Kh7 32.Qg3 Qf7 33.Qd6 Qc4 34.b3 Qe4 35.Qxa6 Qf4+
36.Kb1 Qxf5 37.Qc4 Qa5 38.h4 h5 39.Qe4+ f5 40.Qf3 Kg6 41.Qg3+ Kf7 42.Qf3 Qe5
43.Qxh5+ Kg8 44.Qf3 f4 45.h5 Qe1+ 46.Kb2 Qg3 47.Qd5+ Kh7 48.Qe4+ Kh6 49.Qxb4 Kxh5
50.Qe4 f3 51.Qh7+ Kg4 52.Qxg7+ Kh3 53.Qh7+ Kg2 54.Qe4 Kh2 55.Qh7+ Kg2 56.Qe4 Kh2
57.Qh7+ Kg1 58.Qd3 Qg7+ 59.Ka2 f2 60.Qe3 Qg6 61.Kb2 Kg2 62.Qe2  0-1

[Event "Baden"]
[Site "Vienna"]
[Date "1980.??.??"]
[Round "10"]
[White "Hoelzl, Franz"]
[Black "Byrne, Robert E"]
[Result "1/2-1/2"]
[WhiteElo "2415"]
[BlackElo "2530"]

1.c4 e6 2.Nc3 d5 3.d4 Nf6 4.Nf3 Nbd7 5.cxd5 exd5 6.Bf4 c6 7.e3 Nh5 8.Be5 Nxe5
9.Nxe5 g6 10.Qf3 f6 11.Nd3 Bd6 12.g4 Ng7 13.h4 Qe7 14.Nf4 Bxf4 15.Qxf4 Ne6
16.Qh6 Nxd4 17.O-O-O Ne6 18.e4 d4 19.Ne2 Bd7 20.f3 O-O-O 21.Kb1 c5 22.Nf4 Qf8
23.Qxf8 Rhxf8 24.Nxe6 Bxe6 25.Rc1 b6 26.b4 d3 27.bxc5 Rd4 28.cxb6+ Kb7 29.Rd1 Rfd8
30.bxa7 Kxa7 31.Rh2 Bc4 32.g5 R8d6 33.Rb2 f5 34.exf5 gxf5 35.Rh2 Bb5 36.h5 Ba4
37.Rxd3 Rxd3 38.Bxd3 Rxd3 39.g6 Rd8 40.Rh4 Bb5 41.a4 Ba6 42.Kc2 Kb6 43.g7 h6
44.Rd4 Rg8  1/2-1/2

[Event "Baden"]
[Site "Vienna"]
[Date "1980.??.??"]
[Round "10"]
[White "Van der Wiel, John TH"]
[Black "Gheorghiu, Florin"]
[Result "0-1"]
[WhiteElo "2465"]
[BlackElo "2605"]

1.e4 c5 2.Nf3 e6 3.d4 cxd4 4.Nxd4 a6 5.Nc3 Qc7 6.f4 b5 7.Bd3 Bb7 8.Qf3 Nc6
9.Be3 Nf6 10.g4 d6 11.g5 Nd7 12.O-O-O Nc5 13.Kb1 Nb4 14.Qh3 Nbxd3 15.cxd3 b4
16.Nce2 Qd7 17.Rhf1 a5 18.Nc1 Be7 19.f5 e5 20.Nf3 Nxe4 21.Ka1 Nc3 22.bxc3 bxc3
23.Ne2 Rc8 24.Rc1 c2 25.Nd2 d5 26.Nf3 Bd6 27.Qh4 Qb5 28.Nfd4 Qxd3 29.g6 Qxe3
30.gxf7+ Kd7 31.f6 exd4 32.Qg4+ Qe6 33.Qxe6+ Kxe6 34.fxg7 d3 35.gxh8=Q Rxh8
36.Nd4+ Kd7 37.Nf3 Rf8 38.Kb2 Ba6 39.Nd2 Be5+ 40.Ka3 Bc3 41.Rf2 Kd6 42.Kb3 Bd4
43.Rf3 Rb8+ 44.Ka4 Bb5+ 45.Ka3 Bc5+ 46.Kb2 Kd7 47.Nb3 Bf8  0-1

[Event "Baden"]
[Site "Vienna"]
[Date "1980.??.??"]
[Round "11"]
[White "Gheorghiu, Florin"]
[Black "Liberzon, Vladimir M"]
[Result "1/2-1/2"]
[WhiteElo "2605"]
[BlackElo "2545"]

1.d4 d5 2.c4 e6 3.Nc3 Be7 4.Nf3 Nf6 5.Bg5 h6 6.Bh4 O-O 7.e3 b6 8.Qb3 Bb7
9.Bxf6 Bxf6 10.cxd5 exd5 11.Rd1 Re8 12.Bd3 Nc6 13.O-O Na5 14.Qc2 Qe7 15.Rfe1 c5
16.dxc5 Qxc5 17.Nb5 Qxc2 18.Bxc2 Red8 19.Nbd4 Nc4 20.Rb1 g6 21.h3 Rac8 22.Bd3 Nd6
23.Rec1 Ne4 24.Rxc8 Rxc8 25.Rd1 Nc5 26.Bb5 a6 27.Be2 Na4 28.Rb1 b5 29.Bd1 Nc5
30.Kf1 Ne4 31.Nb3 b4 32.Ke1 Kf8 33.Nfd4 Bh4 34.g3 Bd8 35.Rc1 Rxc1 36.Nxc1 a5
37.Ba4 Bb6  1/2-1/2

[Event "Baden"]
[Site "Vienna"]
[Date "1980.??.??"]
[Round "11"]
[White "Smejkal, Jan"]
[Black "Stean, Michael"]
[Result "1/2-1/2"]
[WhiteElo "2565"]
[BlackElo "2530"]

1.c4 b6 2.e4 Bb7 3.Nc3 e6 4.Nf3 Nf6 5.d3 d6 6.g3 c5 7.Bg2 Be7 8.O-O O-O 9.b3 a6
10.Bb2 Nc6 11.d4 cxd4 12.Nxd4 Rc8 13.Nc2 Qc7 14.Qe2 Qb8 15.Rfd1 Na7 16.Nd4 Rc7
17.Rd2 Rfc8 18.a4 Nd7 19.Bh3 Re8 20.Re1 Bf8 21.Qd1 Nc5 22.Bg2 Nc6 23.Nxc6 Bxc6  1/2-1/2

[Event "Baden"]
[Site "Vienna"]
[Date "1980.??.??"]
[Round "12"]
[White "Janetschek, Karl"]
[Black "Gheorghiu, Florin"]
[Result "0-1"]
[WhiteElo "2325"]
[BlackElo "2605"]

1.e4 c5 2.Nf3 e6 3.d4 cxd4 4.Nxd4 a6 5.c4 Nf6 6.Nc3 d6 7.g3 Qc7 8.Be3 b6
9.Bg2 Bb7 10.O-O Nbd7 11.Rc1 Rc8 12.b3 Qb8 13.g4 h6 14.Qe2 Be7 15.f4 g6 16.f5 gxf5
17.gxf5 e5 18.Ne6 fxe6 19.fxe6 Nc5 20.Rxf6 Bxf6 21.Qh5+ Kd8 22.b4 Qc7 23.bxc5 bxc5
24.Rd1 Qe7 25.Na4 Rc6 26.Bxc5 Kc7 27.Bf2 Qxe6 28.c5 Rd8 29.Qxh6 dxc5 30.Rxd8 Bxd8
31.Qxe6 Rxe6 32.Nxc5 Rc6 33.Nxb7 Kxb7 34.Bg3 Bf6 35.h4 Rc2 36.a4 Ra2 37.Kh2 Kc6
38.Kh3 Kd6 39.Bf3 Rxa4 40.Kg4 Ke6 41.Kh5 Ra3 42.Bg4+ Kf7 43.Bf2 Ra2 44.Bg3 a5
45.Bd7 a4 46.Bc6 Kg7 47.Kg4 a3  0-1

[Event "Baden"]
[Site "Vienna"]
[Date "1980.??.??"]
[Round "12"]
[White "Stean, Michael"]
[Black "Spassky, Boris V"]
[Result "1/2-1/2"]
[WhiteElo "2530"]
[BlackElo "2615"]

1.Nf3 d6 2.d4 Nf6 3.Nc3 Bf5 4.Nh4 Bd7 5.g3 g6 6.Bg2 Nc6 7.d5 Nb4 8.O-O Bg7
9.e4 O-O 10.h3 c6 11.a3 Na6 12.Be3 e6 13.dxe6 Bxe6 14.Qd2 Nc7 15.Bh6 d5 16.Bxg7 Kxg7
17.exd5  1/2-1/2

[Event "Baden"]
[Site "Vienna"]
[Date "1980.??.??"]
[Round "12"]
[White "Vaganian, Rafael A"]
[Black "Smejkal, Jan"]
[Result "1-0"]
[WhiteElo "2590"]
[BlackElo "2565"]

1.d4 Nf6 2.c4 g6 3.Nf3 Bg7 4.g3 O-O 5.Bg2 c6 6.Nc3 d5 7.cxd5 cxd5 8.Ne5 e6
9.O-O Nfd7 10.f4 Nxe5 11.fxe5 Nc6 12.Rf2 f6 13.exf6 Bxf6 14.Be3 Bd7 15.Qd2 Bg7
16.Raf1 Rxf2 17.Bxf2 Qe7 18.e4 dxe4 19.Nxe4 Rf8 20.Rd1 Rf5 21.Nc5 Bc8 22.b4 Rf8
23.b5 Nxd4 24.Bxd4 Rd8 25.Qc3 Qd6 26.Bxg7 Qxd1+ 27.Bf1 e5 28.Bxe5 Bh3 29.Qc4+ Rd5
30.Ne4 Kf8 31.Nc3  1-0

[Event "Baden"]
[Site "Vienna"]
[Date "1980.??.??"]
[Round "12"]
[White "Hoelzl, Franz"]
[Black "Gligoric, Svetozar"]
[Result "0-1"]
[WhiteElo "2415"]
[BlackElo "2565"]

1.e4 c5 2.Nf3 Nc6 3.Bb5 g6 4.O-O Bg7 5.Nc3 d6 6.e5 dxe5 7.Bxc6+ bxc6 8.Re1 f6
9.d3 Nh6 10.Be3 Qa5 11.Ne4 c4 12.dxc4 O-O 13.Qd2 Qxd2 14.Nexd2 Nf7 15.Nb3 a5
16.Bd2 f5 17.Nxa5 e4 18.Nxc6 exf3 19.Nxe7+ Kh8 20.b3 Bb7 21.c5 Be4 22.gxf3 Bxf3
23.c6 Ne5 24.c7 Be4 25.Bb4 Nf3+ 26.Kf1 Be5 27.Rxe4 fxe4 28.Rd1 Bxc7 29.Rd5 Kg7
30.Rd7 Be5 31.Nf5+ Kf6 32.Ng3 Bxg3 33.Bxf8 Be5  0-1